| 000 | 02677nam0a2200433 4500 | ||
|---|---|---|---|
| 001 | RU\NLR\BIBL_A\012226513 | ||
| 005 | 20200306105338.0 | ||
| 010 |
_a979-5-16-015987-4 _bИНФРА-М |
||
| 010 |
_a978-5-7638-3687-5 _bСФУ _9500 |
||
| 021 |
_aRU _bКН-П-19-103976 _9КН-П-19-7667 |
||
| 035 | _a(NLR Aleph) 012226513 | ||
| 035 | _a(RuMoRGB)010219847 | ||
| 090 |
_a10962008 _c10962008 |
||
| 100 | _a20200220d2020 u y0rusy50 ca | ||
| 101 | 0 | _arus | |
| 102 | _aRU | ||
| 105 | _aa|||j|||000zy | ||
| 181 | 0 |
_ai _baxxe |
|
| 182 | 0 | _an | |
| 200 | 1 |
_aОбщая тактика _eучебник для курсантов учебных военных центров и студентов военных кафедр при высших учебных заведениях, обучающихся по специальностям "Автоматизированные системы обработки информации и управления" и "Радиотехника" _f[Байрамуков Ю. Б. - подполковник, Янович В. С. - кандидат технических наук, полковник, Гончарик С. В. - подполковник и др.] _gпод общей редакцией кандидата военных наук, профессора, генерал-полковника Ю. Б. Торгованова _gСибирский федеральный университет |
|
| 203 |
_aТекст _bвизуальный _cнепосредственный |
||
| 205 | _a2-е изд., испр. и доп. | ||
| 210 |
_aМосква _cИНФРА-М _aКрасноярск _cСФУ _d2020 [т.е. 2019] |
||
| 215 |
_a345 с. _cил., табл. _d22 |
||
| 225 | 1 | _aВоенное образование | |
| 300 | _aКн. фактически изд. в 2019 г. | ||
| 320 | _aБиблиогр.: с. 289 (7 назв.) | ||
| 606 | 1 |
_aОбщая тактика военная _jУчебники для высших учебных заведений _2nlr_sh2 _3RU\NLR\AUTH\661263429 |
|
| 686 | 1 | _aЦ2,6(2Р)5я73-1 | |
| 701 | 1 |
_aБайрамуков _bЮ. Б. _gЮрий Борисович |
|
| 701 | 1 |
_aЯнович _bВ. С. _gВалерий Станиславович |
|
| 701 | 1 |
_aГончарик _bС. В. _gСергей Владимирович |
|
| 702 | 1 |
_aТоргованов _bЮ. Б. _gЮрий Борисович _4340 |
|
| 712 | 0 | 2 |
_aСибирский федеральный университет _cКрасноярск _3RU\NLR\AUTH\8810095991 _4475 |
| 942 | _cBOOK | ||
| 980 | _aNB | ||